00877nam a22002417a 450000500170000001000130001702000100003003500130004003700160005304000120006908200160008124500680009726000430016527000380020830000240024650000410027065000220031165000330033370000370036694200250040399900190042895201880044720170124110044.0 aA-482092 c00.00 aA-482092 bCen Lib/Ret aDPLbEN a881.08bCRI aCritics on matthew arnold /cedited by Jacqueline E. M. Latham  aNew DelhibUniversal book stall c1993 bNew Delhia5 Ansari road e110002 avii,119p.c21cm(Hb) aIncludes bibliographical references  aLiterature 96262 aCritical literature 9102201 aLAthan, Jacqueline E.M. 9102202 2ddccENh881.08mCRI c128694d128694 04104070aLbLd2015-07-03eCen Lib/Retg0.00l0o881.08 CRIpA-482092r2015-07-03 00:00:00t1v0.00w2015-07-03yENzWritten off on approval by DLB (By Circulation); dtd 15-06-2023